• AIU
  • Tony Wilmot Memorial Library

Koraawiizi ni nera nuukpanfalii Dooi : d. (Record no. 40828)

MARC details
000 -LEADER
fixed length control field 00722nam a22002051a 4500
005 - DATE AND TIME OF LATEST TRANSACTION
control field 20110718133350.0
008 - FIXED-LENGTH DATA ELEMENTS--GENERAL INFORMATION
fixed length control field 091005s1977 cou 001 0 eng d
020 ## - INTERNATIONAL STANDARD BOOK NUMBER
Terms of availability 0.00
040 ## - CATALOGING SOURCE
Original cataloging agency NEGST Library - Kenya
050 #4 - LIBRARY OF CONGRESS CALL NUMBER
Classification number BS 325.V34 1977
082 0# - DEWEY DECIMAL CLASSIFICATION NUMBER
Classification number BS 325.V34 1977
100 1# - MAIN ENTRY--PERSONAL NAME
Personal name International Bible Society.
245 10 - TITLE STATEMENT
Title Koraawiizi ni nera nuukpanfalii Dooi : d.
260 ## - PUBLICATION, DISTRIBUTION, ETC. (IMPRINT)
Place of publication, distribution, etc Colorado springs :
Name of publisher, distributor, etc International Bible Soci,
Date of publication, distribution, etc 1977.
300 ## - PHYSICAL DESCRIPTION
Extent 556 p. : ill., m.
500 ## - GENERAL NOTE
General note "New Testament of the Bible, Vagla (language of northwestern Ghana)." - T.p. verso. [Africana]
600 10 - SUBJECT ADDED ENTRY--PERSONAL NAME
Personal name Bible. N.T. Vagla. 1977.
600 10 - SUBJECT ADDED ENTRY--PERSONAL NAME
Personal name Vagla language - Texts.
852 ## - LOCATION/CALL NUMBER
-- 4.00
Holdings
Withdrawn status Lost status Source of classification or shelving scheme Damaged status Not for loan Collection code Home library Current library Shelving location Date acquired Cost, normal purchase price Full call number Barcode Date last seen Price effective from Koha item type
    Library of Congress Classification     Reference AIU/NEGST - Tony Wilmot Memorial Library AIU/NEGST - Tony Wilmot Memorial Library Reference 02/05/2010 4.00 REF BS 325.V34 1977 R41604N3232 09/26/2019 02/05/2010 Africana collection ( Reference)